[Event "Groningen Chess Festival 2007"]
[Site "Groningen NED"]
[Date "2007.12.27"]
[Round "6.8"]
[White "Lobzhanidze, Davit"]
[Black "Van den Berg, Harmen"]
[Result "1/2-1/2"]
[PlyCount "135"]
[EventDate "2007.12.21"]
[EventType "swiss"]
[EventRounds "9"]
[EventCountry "NED"]
[Source "lmi"]
[SourceDate "2007.12.21"]
[WhiteElo "2489"]
[BlackElo "2167"]

1. e4 c5 2. Nf3 d6 3. d4 cxd4 4. Nxd4 Nf6 5. Nc3 e6 6. Be3 a6 7. Be2 Be7 8. f4
O-O 9. O-O Qc7 10. Kh1 Nc6 11. Qe1 Nxd4 12. Bxd4 b5 13. a3 Bb7 14. Qg3 Bc6 15.
Rae1 Rad8 16. Bf3 a5 17. Nd5 exd5 18. exd5 Ba8 19. Rxe7 Qxe7 20. Re1 Qxe1+ 21.
Qxe1 Nxd5 22. f5 a4 23. Bxd5 Bxd5 24. f6 g6 25. Qd2 Kh8 26. Bb6 Rb8 27. Ba7 Ra8
28. Qxd5 Rxa7 29. Qxb5 Rd8 30. c4 Raa8 31. h3 h6 32. Kh2 Kg8 33. b4 axb3 34.
Qxb3 Rac8 35. a4 Ra8 36. Qa2 Rac8 37. a5 Ra8 38. Qd2 Kh7 39. Qd5 Kg8 40. Qd2
Kh7 41. Qe3 Rf8 42. Qe7 Kg8 43. Qe3 Kh7 44. Qb6 Kg8 45. a6 Rac8 46. Qe3 Kh7 47.
Qe7 Kg8 48. Qe3 Kh7 49. Qe7 Kg8 50. a7 Ra8 51. Qe3 Kh7 52. Qe7 Kg8 53. Qb7 Rac8
54. Kg3 Rfe8 55. Kf2 Ra8 56. g4 Rac8 57. Kf3 Ra8 58. Kf2 Rac8 59. h4 Ra8 60.
Kf3 Rac8 61. Kf2 Ra8 62. g5 h5 63. Kf3 Rad8 64. Qd5 Ra8 65. Qb7 Rad8 66. Qa6
Ra8 67. Qb7 Rad8 68. Qd5 1/2-1/2

[Event "Groningen Chess Festival 2007"]
[Site "Groningen NED"]
[Date "2007.12.27"]
[Round "6.9"]
[White "De Jong, Migchiel"]
[Black "Brandenburg, Daan"]
[Result "1-0"]
[PlyCount "53"]
[EventDate "2007.12.21"]
[EventType "swiss"]
[EventRounds "9"]
[EventCountry "NED"]
[Source "lmi"]
[SourceDate "2007.12.21"]
[WhiteElo "2341"]
[BlackElo "2483"]

1. e4 c5 2. Nf3 d6 3. d4 cxd4 4. Nxd4 Nf6 5. Nc3 e6 6. Be3 Be7 7. f3 O-O 8. Qd2
Nc6 9. O-O-O a6 10. g4 Nd7 11. Kb1 Nxd4 12. Bxd4 b5 13. Qf2 Qc7 14. Rg1 Bb7 15.
g5 Rfc8 16. a3 Bc6 17. f4 Nc5 18. Bd3 a5 19. e5 Nxd3 20. Rxd3 b4 21. exd6 Bxd6
22. Rh3 e5 23. Qh4 bxc3 24. Qxh7+ Kf8 25. fxe5 Bxa3 26. e6 Qf4 27. Bf6 1-0

[Event "Groningen Chess Festival 2007"]
[Site "Groningen NED"]
[Date "2007.12.27"]
[Round "6.10"]
[White "Hovenga, Alje"]
[Black "Hendriks, Willy"]
[Result "0-1"]
[PlyCount "74"]
[EventDate "2007.12.21"]
[EventType "swiss"]
[EventRounds "9"]
[EventCountry "NED"]
[Source "lmi"]
[SourceDate "2007.12.21"]
[WhiteElo "2186"]
[BlackElo "2402"]

1. d4 c5 2. d5 d6 3. e4 g6 4. Nc3 Bg7 5. Bb5+ Nd7 6. a4 Ngf6 7. Nf3 O-O 8. O-O
a6 9. Be2 Rb8 10. Re1 Ne8 11. Bf4 Nc7 12. a5 b5 13. axb6 Rxb6 14. Ra2 Nb5 15.
Na4 Rb8 16. c3 Qc7 17. Nd2 Ne5 18. Bg3 f5 19. exf5 Bxf5 20. Nc4 Nxc4 21. Bxc4
Rf7 22. Qd2 Bf6 23. Raa1 Rb7 24. Rac1 Qd7 25. b3 Na3 26. Bxa6 Rxb3 27. Nb2 Nb5
28. Nd1 c4 29. Bf4 Na3 30. Nb2 Rb6 31. Bxc4 Rxb2 32. Qxb2 Nxc4 33. Qb4 Ne5 34.
Bxe5 Bxe5 35. Qb6 Bd3 36. Qe3 Bc4 37. Red1 Bf4 0-1

[Event "Groningen Chess Festival 2007"]
[Site "Groningen NED"]
[Date "2007.12.27"]
[Round "6.11"]
[White "Van Oosterom, Chiel"]
[Black "Geurink, Jasper"]
[Result "1-0"]
[PlyCount "113"]
[EventDate "2007.12.21"]
[EventType "swiss"]
[EventRounds "9"]
[EventCountry "NED"]
[Source "lmi"]
[SourceDate "2007.12.21"]
[WhiteElo "2401"]
[BlackElo "2339"]

1. e4 e6 2. d4 d5 3. Nc3 Nf6 4. Bg5 Bb4 5. e5 h6 6. Be3 Ne4 7. Qg4 g6 8. a3
Bxc3+ 9. bxc3 Nxc3 10. Bd3 Nc6 11. h4 Ne7 12. h5 g5 13. f3 c5 14. dxc5 Nc6 15.
Bd2 f5 16. Qg3 Na4 17. f4 g4 18. Qf2 d4 19. Ne2 Nxc5 20. Bb4 O-O 21. O-O Nxb4
22. axb4 Nxd3 23. cxd3 Bd7 24. Qxd4 Bc6 25. Qxd8 Rfxd8 26. Ra3 Rd5 27. Kf2 a6
28. Ke3 Rad8 29. Rc1 Kf7 30. Rc4 Ke7 31. g3 Be8 32. Rc7+ R8d7 33. Rxd7+ Rxd7
34. Nc3 Bxh5 35. b5 Be8 36. bxa6 bxa6 37. Rxa6 h5 38. Rb6 Rc7 39. Ne2 Bc6 40.
Nd4 Bd5 41. Rb5 Rd7 42. Rb8 Ra7 43. Rh8 Ra2 44. Rh7+ Ke8 45. Nb5 Kf8 46. Nc3
Ra5 47. Rxh5 Ke8 48. Rh7 Kd8 49. Kd4 Bc6 50. Rh2 Bd7 51. Ra2 Rxa2 52. Nxa2 Bb5
53. Nb4 Ke7 54. Kc5 Ba4 55. d4 Bd1 56. Nc6+ Kd7 57. d5 1-0

[Event "Groningen Chess Festival 2007"]
[Site "Groningen NED"]
[Date "2007.12.27"]
[Round "6.12"]
[White "Skatchkov, Pavel"]
[Black "Ringoir, Tanguy"]
[Result "1-0"]
[PlyCount "61"]
[EventDate "2007.12.21"]
[EventType "swiss"]
[EventRounds "9"]
[EventCountry "NED"]
[Source "lmi"]
[SourceDate "2007.12.21"]
[WhiteElo "2509"]
[BlackElo "2236"]

1. d4 Nf6 2. Nf3 g6 3. g3 Bg7 4. Bg2 O-O 5. O-O d6 6. c4 Nbd7 7. Nc3 e5 8. e4
exd4 9. Nxd4 Re8 10. Re1 Ng4 11. Qxg4 Bxd4 12. Qe2 Bg7 13. h3 c6 14. Be3 Nc5
15. Qc2 Qa5 16. a3 Qa6 17. Bf1 f5 18. b4 Nxe4 19. c5 b5 20. cxb6 Qb7 21. Nxe4
fxe4 22. Rad1 axb6 23. Rxd6 Bd7 24. Qc4+ Kf8 25. Bxb6 Be5 26. Bc5 Bxd6 27.
Bxd6+ Kg7 28. Rxe4 Rxe4 29. Qxe4 Re8 30. Qd4+ Kg8 31. Qf6 1-0

[Event "Groningen Chess Festival 2007"]
[Site "Groningen NED"]
[Date "2007.12.27"]
[Round "6.13"]
[White "Clemens, Adrian HP"]
[Black "Vinke, Andreas"]
[Result "0-1"]
[PlyCount "84"]
[EventDate "2007.12.21"]
[EventType "swiss"]
[EventRounds "9"]
[EventCountry "NED"]
[Source "lmi"]
[SourceDate "2007.12.21"]
[WhiteElo "2316"]
[BlackElo "2173"]

1. d4 e6 2. c4 Nf6 3. Nc3 Bb4 4. Qc2 O-O 5. a3 Bxc3+ 6. Qxc3 Ne4 7. Qc2 f5 8.
e3 b6 9. Ne2 Bb7 10. f3 Nd6 11. Bd2 c5 12. dxc5 bxc5 13. O-O-O Nc6 14. Nf4 Qe7
15. Bc3 Nf7 16. Nh5 Nfe5 17. f4 Ng4 18. Qd2 Rf7 19. Be2 Nf2 20. Rhg1 Nxd1 21.
Bxd1 g6 22. g4 Kf8 23. Ng3 d6 24. e4 fxg4 25. Bxg4 e5 26. f5 Ke8 27. Qh6 Qf8
28. Qh4 Qg7 29. Bd2 Nd4 30. Bh6 Qg8 31. Qg5 Re7 32. Rf1 Qxc4+ 33. Kb1 Bxe4+ 34.
Nxe4 Qxf1+ 35. Ka2 Qc4+ 36. Kb1 Qd3+ 37. Ka2 Qc4+ 38. Kb1 Qd3+ 39. Ka2 Qxe4 40.
fxg6 hxg6 41. h3 Rf7 42. Qd2 Qd5+ 0-1

[Event "Groningen Chess Festival 2007"]
[Site "Groningen NED"]
[Date "2007.12.27"]
[Round "6.15"]
[White "Van Ketel, Raoul"]
[Black "Jellema, Yme Jan"]
[Result "1/2-1/2"]
[PlyCount "101"]
[EventDate "2007.12.21"]
[EventType "swiss"]
[EventRounds "9"]
[EventCountry "NED"]
[Source "lmi"]
[SourceDate "2007.12.21"]
[WhiteElo "2336"]
[BlackElo "2119"]

1. d4 d5 2. c4 c6 3. Nc3 Nf6 4. e3 g6 5. Nf3 Bg7 6. Be2 O-O 7. O-O Ne4 8. Qb3
e6 9. Bd2 Nd7 10. Rad1 b6 11. Ne1 Ba6 12. Nxe4 dxe4 13. Qc2 f5 14. f3 exf3 15.
Bxf3 Qc7 16. Bb4 Rfe8 17. b3 Bb7 18. Bc3 e5 19. Qb2 e4 20. Be2 Qd8 21. Nc2 Qg5
22. b4 a6 23. Qb3 Kh8 24. Be1 b5 25. Bg3 Nb6 26. Bc7 Nxc4 27. Bxc4 bxc4 28.
Qxc4 a5 29. Rfe1 axb4 30. Nxb4 Qe7 31. Bg3 Qe6 32. Rc1 Ra4 33. Qxe6 Rxe6 34.
Rb1 Bf8 35. Nd5 cxd5 36. Rxb7 Re7 37. Rb8 Kg7 38. Re2 Rea7 39. Rbb2 Kf7 40. Bf4
Ke6 41. Rec2 R4a6 42. h4 Bd6 43. Bxd6 Kxd6 44. Kf2 h6 45. Kg3 g5 46. h5 Rc6 47.
Rxc6+ Kxc6 48. Rf2 Rf7 49. Rc2+ Kd6 50. Rb2 Kc6 51. Rc2+ 1/2-1/2

[Event "Groningen Chess Festival 2007"]
[Site "Groningen NED"]
[Date "2007.12.27"]
[Round "6.18"]
[White "Burg, Twan"]
[Black "Kleijn, Christov"]
[Result "1-0"]
[PlyCount "43"]
[EventDate "2007.12.21"]
[EventType "swiss"]
[EventRounds "9"]
[EventCountry "NED"]
[Source "lmi"]
[SourceDate "2007.12.21"]
[WhiteElo "2275"]
[BlackElo "2210"]

1. e4 d5 2. exd5 Nf6 3. Nf3 Bg4 4. h3 Bf5 5. Bb5+ Nbd7 6. Nc3 a6 7. Ba4 b5 8.
Nd4 Bg6 9. Nc6 Qc8 10. Bb3 Nc5 11. O-O Qb7 12. d3 a5 13. Be3 e6 14. Qf3 a4 15.
dxe6 fxe6 16. Bxc5 Bxc5 17. Bxe6 Rf8 18. Rae1 Ne4 19. Nxe4 Rxf3 20. Nxc5 Qb6
21. Bd5+ Kf8 22. Nd7# 1-0

[Event "Groningen Chess Festival 2007"]
[Site "Groningen NED"]
[Date "2007.12.27"]
[Round "6.19"]
[White "Van Kampen, Robin Oscar"]
[Black "Pijpers, Arthur"]
[Result "1/2-1/2"]
[PlyCount "64"]
[EventDate "2007.12.21"]
[EventType "swiss"]
[EventRounds "9"]
[EventCountry "NED"]
[Source "lmi"]
[SourceDate "2007.12.21"]
[WhiteElo "2252"]
[BlackElo "2000"]

1. d4 Nf6 2. c4 c5 3. d5 b5 4. cxb5 a6 5. bxa6 g6 6. Nc3 Bxa6 7. Nf3 d6 8. g3
Bg7 9. Bg2 O-O 10. O-O Nbd7 11. Qc2 Qa5 12. Rd1 Rfb8 13. Rb1 Nb6 14. b3 Bb7 15.
Bd2 Qa6 16. e4 Nbd7 17. a4 Ng4 18. Nb5 Qb6 19. h3 Nge5 20. Nxe5 Nxe5 21. Bc3
Ba6 22. Na3 h5 23. Kh1 Qa7 24. f4 Nd7 25. Bxg7 Kxg7 26. Qc3+ f6 27. Qe3 Rb7 28.
Rdc1 Rab8 29. Rc3 Rb4 30. Kg1 Nb6 31. Rbc1 Nc8 32. Bf3 Rxb3 1/2-1/2

[Event "Groningen Chess Festival 2007"]
[Site "Groningen NED"]
[Date "2007.12.27"]
[Round "6.20"]
[White "Hoffmann, Ron"]
[Black "Kodentsov, Grisja"]
[Result "1-0"]
[PlyCount "129"]
[EventDate "2007.12.21"]
[EventType "swiss"]
[EventRounds "9"]
[EventCountry "NED"]
[Source "lmi"]
[SourceDate "2007.12.21"]
[WhiteElo "2158"]
[BlackElo "2307"]

1. d4 Nf6 2. Nf3 g6 3. Nc3 d5 4. Bf4 Bg7 5. e3 O-O 6. Be2 c5 7. Ne5 Nc6 8. O-O
Bf5 9. Qd2 cxd4 10. exd4 Rc8 11. Nxc6 Rxc6 12. Bb5 Rc8 13. Rfe1 Qb6 14. a4 Ne4
15. Nxe4 dxe4 16. c3 Rfd8 17. g4 Bxg4 18. Rxe4 a6 19. Bf1 Be6 20. Rae1 Rd7 21.
Rxe6 fxe6 22. Bh3 Kf7 23. Qe2 Rc6 24. Bg2 Bf6 25. a5 Qb5 26. Qxb5 axb5 27. Bxc6
bxc6 28. b4 Ra7 29. Re3 Ra6 30. Kf1 Ra8 31. Ke2 Ra7 32. Kd3 Rd7 33. Kc2 Ra7 34.
Re1 Ra6 35. Bc7 Ra7 36. Bb6 Ra8 37. Kd3 Ra6 38. c4 Ra8 39. cxb5 cxb5 40. Re2
Ra6 41. Rc2 e5 42. d5 Ke8 43. Rc8+ Kf7 44. Ke4 Bg5 45. Rc6 Bd2 46. Bc5 Ra8 47.
Rc7 g5 48. Rxe7+ Kf6 49. d6 Bc3 50. d7 Rd8 51. Rxh7 Ke6 52. Rh6+ Kxd7 53. Rd6+
Kc8 54. Rxd8+ Kxd8 55. f3 Kc7 56. Kd5 Kb7 57. Be7 Ka6 58. h3 Kb7 59. Ke4 Kc6
60. Kf5 Kd7 61. a6 Kc6 62. Kxg5 Kb6 63. h4 Kxa6 64. h5 Kb6 65. h6 1-0

[Event "Groningen Chess Festival 2007"]
[Site "Groningen NED"]
[Date "2007.12.27"]
[Round "6.21"]
[White "Vogel, Jaap"]
[Black "Kuipers, Stefan"]
[Result "1/2-1/2"]
[PlyCount "39"]
[EventDate "2007.12.21"]
[EventType "swiss"]
[EventRounds "9"]
[EventCountry "NED"]
[Source "lmi"]
[SourceDate "2007.12.21"]
[WhiteElo "2218"]
[BlackElo "2283"]

1. Nf3 d6 2. d4 f5 3. g3 g6 4. Bg2 Bg7 5. c4 Nf6 6. Nc3 O-O 7. O-O Qe8 8. d5
Na6 9. Nd4 Bd7 10. Rb1 c5 11. Ne6 Bxe6 12. dxe6 Nc7 13. Bxb7 Rb8 14. Bg2 Nxe6
15. Nd5 Kh8 16. b3 Nxd5 17. Bxd5 Nc7 18. Bg2 Rd8 19. Qe1 Qd7 20. Qa5 1/2-1/2

[Event "Groningen Chess Festival 2007"]
[Site "Groningen NED"]
[Date "2007.12.27"]
[Round "6.25"]
[White "Kuling, Lody"]
[Black "Wielenga, Wiebe"]
[Result "1/2-1/2"]
[PlyCount "77"]
[EventDate "2007.12.21"]
[EventType "swiss"]
[EventRounds "9"]
[EventCountry "NED"]
[Source "lmi"]
[SourceDate "2007.12.21"]
[WhiteElo "2213"]
[BlackElo "2118"]

1. e4 e5 2. Nf3 Nc6 3. d4 exd4 4. Nxd4 Bb4+ 5. c3 Bc5 6. Be3 Bb6 7. Qg4 Qf6 8.
Qg3 Qg6 9. Nd2 Nf6 10. Nf5 d5 11. Bxb6 Qxg3 12. Nxg3 axb6 13. exd5 Nxd5 14. Bc4
Be6 15. O-O Nf4 16. Rfe1 O-O 17. Bxe6 Nxe6 18. Nb3 Rfd8 19. Nf5 Ra4 20. g3 g6
21. Ne3 Ne5 22. Red1 Rxd1+ 23. Nxd1 Nd3 24. Nd2 b5 25. Kf1 Ra8 26. Ke2 Ndc5 27.
Ne3 Re8 28. Nb3 Rd8 29. Nxc5 Nxc5 30. Rd1 Rxd1 31. Nxd1 f5 32. Ke3 Ne6 33. b3
Kf7 34. Nb2 Ke7 35. h4 Kd6 36. Nd3 h6 37. f4 Nc5 38. Nxc5 Kxc5 39. a3 1/2-1/2

[Event "Groningen Chess Festival 2007"]
[Site "Groningen NED"]
[Date "2007.12.28"]
[Round "7.2"]
[White "Nijboer, Friso"]
[Black "Mastrovasilis, Dimitrios"]
[Result "1/2-1/2"]
[PlyCount "122"]
[EventDate "2007.12.21"]
[EventType "swiss"]
[EventRounds "9"]
[EventCountry "NED"]
[Source "lmi"]
[SourceDate "2007.12.21"]
[WhiteElo "2559"]
[BlackElo "2559"]

1. e4 e5 2. Nf3 Nc6 3. Bb5 Nf6 4. O-O Nxe4 5. d4 Nd6 6. Bxc6 dxc6 7. dxe5 Nf5
8. Qxd8+ Kxd8 9. Nc3 Ne7 10. h3 Ng6 11. b3 Bb4 12. Ne2 Be6 13. Nfd4 Bd7 14. f4
Re8 15. Bb2 Bc5 16. Kh2 Bxd4 17. Nxd4 c5 18. Ne2 f5 19. g4 Nf8 20. Rad1 Ke7 21.
e6 Nxe6 22. gxf5 Nd4 23. Nxd4 cxd4 24. Bxd4 Kf7 25. Rg1 Re2+ 26. Rg2 Rxg2+ 27.
Kxg2 Rd8 28. Rd2 Bxf5 29. Bc3 Rxd2+ 30. Bxd2 Bxc2 31. Bc3 g6 32. Be5 c6 33. Kf3
Bb1 34. a3 Bc2 35. b4 Ke6 36. Ke3 Kd5 37. Kd2 Bf5 38. h4 Kc4 39. Bb8 a6 40. Ke3
Kb3 41. Kd4 Kxa3 42. Kc5 Kb3 43. Bd6 Kc3 44. Kb6 Be4 45. Bf8 Kc4 46. Be7 Bd5
47. Bf8 Kd3 48. Bc5 Bc4 49. Kxb7 Bb5 50. Be7 Ke4 51. Bg5 Kf3 52. Kb6 Kg4 53.
Kc5 Kh5 54. Kd4 h6 55. Be7 Kg4 56. Ke4 c5 57. bxc5 a5 58. Bf8 h5 59. Be7 a4 60.
Kd4 Kxf4 61. Kc3 Bc6 1/2-1/2

[Event "Groningen Chess Festival 2007"]
[Site "Groningen NED"]
[Date "2007.12.28"]
[Round "7.3"]
[White "Ernst, Sipke"]
[Black "Hoffmann, Michael"]
[Result "1-0"]
[PlyCount "87"]
[EventDate "2007.12.21"]
[EventType "swiss"]
[EventRounds "9"]
[EventCountry "NED"]
[Source "lmi"]
[SourceDate "2007.12.21"]
[WhiteElo "2539"]
[BlackElo "2471"]

1. Nf3 Nf6 2. c4 e6 3. g3 d5 4. d4 dxc4 5. Bg2 c6 6. O-O b5 7. Ne5 Bb7 8. a4 a6
9. Nc3 Nd5 10. e4 Nxc3 11. bxc3 Be7 12. Rb1 O-O 13. Nxc4 Nd7 14. Re1 Rb8 15.
Ne3 Nb6 16. axb5 cxb5 17. d5 exd5 18. Nf5 dxe4 19. Bf4 Bf6 20. Qg4 Na4 21. Rbd1
Qc8 22. Rd7 g6 23. Nh6+ Kg7 24. Nf5+ Kg8 25. Nd6 Qxc3 26. Rc1 Qb2 27. Nxb7 Nb6
28. Rdc7 Nc4 29. Bxe4 Qd4 30. Qf3 Be5 31. Rd1 Qb2 32. Re7 Rbe8 33. Rxe8 Rxe8
34. Bc6 Rf8 35. Nc5 Bxf4 36. Qxf4 Kg7 37. Kg2 Ne5 38. Nd7 Nxd7 39. Rxd7 a5 40.
Qg5 b4 41. Qxa5 b3 42. Qb4 Qf6 43. Bd5 b2 44. Rb7 1-0

[Event "Groningen Chess Festival 2007"]
[Site "Groningen NED"]
[Date "2007.12.28"]
[Round "7.5"]
[White "Adly, Ahmed"]
[Black "Hendriks, Willy"]
[Result "1-0"]
[PlyCount "115"]
[EventDate "2007.12.21"]
[EventType "swiss"]
[EventRounds "9"]
[EventCountry "NED"]
[Source "lmi"]
[SourceDate "2007.12.21"]
[WhiteElo "2494"]
[BlackElo "2402"]

1. Nf3 c5 2. e4 g6 3. g3 Nc6 4. Bg2 Bg7 5. O-O e5 6. c3 Nge7 7. d3 O-O 8. a3 d6
9. b4 b6 10. Bb2 Ba6 11. Re1 Rc8 12. d4 exd4 13. cxd4 cxd4 14. Nbd2 Ne5 15. Qa4
Bd3 16. Nxd4 b5 17. Qd1 Qb6 18. Re3 Nc4 19. Nxc4 bxc4 20. Rxd3 cxd3 21. Qxd3
Rc7 22. Rd1 Rfc8 23. Bh3 Rd8 24. Qe2 a6 25. Bf1 Ra8 26. Bg2 Rac8 27. Bh3 Rd8
28. Bf1 Ra8 29. h4 Be5 30. Kg2 Nc6 31. Nf3 Re7 32. Nxe5 dxe5 33. Rd6 Re6 34.
Rd5 h5 35. Qc4 Qb7 36. Kg1 Qb6 37. Bc3 Rf6 38. Rc5 Rd8 39. Kg2 Nd4 40. Rxe5
Rxf2+ 41. Kxf2 Qf6+ 42. Ke3 Nc2+ 43. Ke2 Qxf1+ 44. Kxf1 Ne3+ 45. Ke2 Nxc4 46.
Rc5 Nxa3 47. Bf6 Ra8 48. Ke3 Kf8 49. Kf4 Nb5 50. Ke5 Ke8 51. Bg5 Kd7 52. Kf6
Nd6 53. e5 Ne4+ 54. Kxf7 Nxc5 55. bxc5 a5 56. e6+ Kc6 57. e7 Kd7 58. e8=Q+ 1-0

[Event "Groningen Chess Festival 2007"]
[Site "Groningen NED"]
[Date "2007.12.28"]
[Round "7.8"]
[White "Spoelman, Wouter"]
[Black "Skatchkov, Pavel"]
[Result "1-0"]
[PlyCount "101"]
[EventDate "2007.12.21"]
[EventType "swiss"]
[EventRounds "9"]
[EventCountry "NED"]
[Source "lmi"]
[SourceDate "2007.12.21"]
[WhiteElo "2445"]
[BlackElo "2509"]

1. e4 e5 2. Nf3 Nc6 3. Bb5 a6 4. Ba4 Nf6 5. O-O Be7 6. Re1 b5 7. Bb3 d6 8. c3
O-O 9. d4 Bg4 10. d5 Na5 11. Bc2 Qc8 12. h3 Bd7 13. Nbd2 c6 14. b4 Nb7 15. dxc6
Qxc6 16. Bb2 Nd8 17. Nf1 Ne6 18. Ng3 Nf4 19. Bb3 Qc8 20. Bc1 Ng6 21. Bd2 Ra7
22. Rc1 Rc7 23. Qc2 Bc6 24. c4 bxc4 25. Qxc4 Nxe4 26. Nxe4 d5 27. Qc2 dxe4 28.
Rxe4 Bxe4 29. Qxc7 Qf5 30. Rc3 Bxb4 31. g4 Qf6 32. Ng5 Ba8 33. Nxf7 Bxc3 34.
Bg5 Qxf7 35. Bxf7+ Rxf7 36. Qxc3 h6 37. Qc2 Kh7 38. Be3 Bf3 39. Kh2 e4 40. Qc8
a5 41. Kg3 Be2 42. Qe6 Rf3+ 43. Kh2 Bd3 44. Qd7 Bc4 45. Qb7 Bxa2 46. Qxe4 Rf6
47. f4 Re6 48. Qd3 Bc4 49. Qxc4 Rxe3 50. Qc2 a4 51. h4 1-0

[Event "Groningen Chess Festival 2007"]
[Site "Groningen NED"]
[Date "2007.12.28"]
[Round "7.9"]
[White "Vinke, Andreas"]
[Black "Lobzhanidze, Davit"]
[Result "0-1"]
[PlyCount "66"]
[EventDate "2007.12.21"]
[EventType "swiss"]
[EventRounds "9"]
[EventCountry "NED"]
[Source "lmi"]
[SourceDate "2007.12.21"]
[WhiteElo "2173"]
[BlackElo "2489"]

1. c4 e5 2. Nc3 Nc6 3. Nf3 Nf6 4. g3 Bc5 5. Bg2 d6 6. O-O O-O 7. d3 h6 8. a3 a6
9. b4 Ba7 10. Bb2 Be6 11. Rc1 Qd7 12. e3 Ne7 13. Re1 Ng6 14. d4 exd4 15. Nxd4
Bg4 16. f3 Bh3 17. Nd5 Nxd5 18. cxd5 Rac8 19. Qc2 Bxd4 20. Bxd4 Bxg2 21. Kxg2
c6 22. dxc6 Rxc6 23. Qb2 Ne5 24. Bxe5 dxe5 25. Rxc6 Qxc6 26. Qxe5 Qc2+ 27. Kh3
Qf2 28. Rd1 Qxf3 29. Rd4 Qf1+ 30. Kg4 Qg2 31. h4 f5+ 32. Kh5 Kh7 33. Qe7 Qxg3
0-1

[Event "Groningen Chess Festival 2007"]
[Site "Groningen NED"]
[Date "2007.12.28"]
[Round "7.10"]
[White "Van den Berg, Harmen"]
[Black "Simutowe, Amon"]
[Result "0-1"]
[PlyCount "64"]
[EventDate "2007.12.21"]
[EventType "swiss"]
[EventRounds "9"]
[EventCountry "NED"]
[Source "lmi"]
[SourceDate "2007.12.21"]
[WhiteElo "2167"]
[BlackElo "2446"]

1. e4 c6 2. Nf3 d5 3. exd5 cxd5 4. Ne5 Nc6 5. d4 Nf6 6. Bb5 Qb6 7. c4 dxc4 8.
Nc3 e6 9. Qa4 Bd7 10. Be3 Qc7 11. O-O-O Nd5 12. Nxd5 exd5 13. Rhe1 Bd6 14. Nxd7
Qxd7 15. Bf4+ Kf8 16. Bxd6+ Qxd6 17. Re3 Nb4 18. Qxa7 Rb8 19. a3 Nd3+ 20. Kb1
Nxf2 21. Rf1 Ne4 22. Ka2 g6 23. Ref3 f6 24. Rf4 Kg7 25. h4 Rhc8 26. h5 g5 27.
Rf5 Kh6 28. g4 Ra8 29. Qxb7 Nc3+ 30. bxc3 Qxa3+ 31. Kb1 Qa1+ 32. Kc2 Ra2# 0-1

[Event "Groningen Chess Festival 2007"]
[Site "Groningen NED"]
[Date "2007.12.28"]
[Round "7.12"]
[White "Pel, Bonno"]
[Black "Pruijssers, Roeland"]
[Result "0-1"]
[PlyCount "86"]
[EventDate "2007.12.21"]
[EventType "swiss"]
[EventRounds "9"]
[EventCountry "NED"]
[Source "lmi"]
[SourceDate "2007.12.21"]
[WhiteElo "2280"]
[BlackElo "2408"]

1. g3 Nf6 2. Bg2 d5 3. d3 g6 4. e4 Nc6 5. exd5 Nxd5 6. Nf3 Bg7 7. O-O O-O 8.
Re1 e5 9. Nbd2 h6 10. Nc4 Re8 11. a4 a5 12. Bd2 b6 13. Qc1 Kh7 14. Re4 g5 15.
h4 g4 16. Nfxe5 Nxe5 17. Nxe5 Rxe5 18. Rxe5 Bxe5 19. c4 Be6 20. d4 Bxd4 21.
cxd5 Bxd5 22. Qc2+ Kg7 23. Qf5 Bxg2 24. Qxg4+ Kh8 25. Kxg2 Qf6 26. Bxh6 Qxf2+
27. Kh3 Rg8 28. Bg5 Re8 29. Rd1 c5 30. Qh5+ Kg8 31. Bf4 Qc2 32. Rd2 Qg6 33. Qf3
Re1 34. Re2 Qf5+ 35. Kh2 Rb1 36. g4 Qf6 37. g5 Qf5 38. h5 Rxb2 39. Rxb2 Bxb2
40. Qe3 Qc2+ 41. Kg3 Qxa4 42. g6 Qa3 43. Kf3 Qxe3+ 0-1

[Event "Groningen Chess Festival 2007"]
[Site "Groningen NED"]
[Date "2007.12.28"]
[Round "7.13"]
[White "Otte, Marijn"]
[Black "Hoeksema, Hendrik Pieter"]
[Result "1/2-1/2"]
[PlyCount "42"]
[EventDate "2007.12.21"]
[EventType "swiss"]
[EventRounds "9"]
[EventCountry "NED"]
[Source "lmi"]
[SourceDate "2007.12.21"]
[WhiteElo "2155"]
[BlackElo "2373"]

1. e4 c5 2. Nf3 e6 3. d4 cxd4 4. Nxd4 a6 5. c4 Nf6 6. Nc3 Qc7 7. Be2 Bb4 8. f3
Nc6 9. Be3 d5 10. Nxc6 bxc6 11. exd5 Bxc3+ 12. bxc3 cxd5 13. Bg5 Qe5 14. Bxf6
Qxf6 15. Qd4 dxc4 16. Bxc4 O-O 17. Qxf6 gxf6 18. O-O-O Bb7 19. Rd7 Bc6 20. Rc7
Bb5 21. Bb3 Rfc8 1/2-1/2

[Event "Groningen Chess Festival 2007"]
[Site "Groningen NED"]
[Date "2007.12.28"]
[Round "7.14"]
[White "Geurink, Jasper"]
[Black "Hovenga, Alje"]
[Result "0-1"]
[PlyCount "84"]
[EventDate "2007.12.21"]
[EventType "swiss"]
[EventRounds "9"]
[EventCountry "NED"]
[Source "lmi"]
[SourceDate "2007.12.21"]
[WhiteElo "2339"]
[BlackElo "2186"]

1. e4 c6 2. d3 d5 3. Nd2 e5 4. Ngf3 Bd6 5. g3 Nf6 6. Bg2 O-O 7. O-O Re8 8. Re1
Nbd7 9. b3 Nf8 10. Bb2 Ng6 11. exd5 cxd5 12. c4 d4 13. a3 a5 14. Qc2 Qc7 15.
Rac1 Bc5 16. Ng5 Rb8 17. Nge4 Nxe4 18. Nxe4 b6 19. Qd2 f5 20. b4 axb4 21. Nxc5
bxc5 22. axb4 Rxb4 23. Bxd4 Bb7 24. f3 Rb6 25. Bc3 Qd7 26. Qe3 Rbe6 27. Rcd1
Qc6 28. Qf2 R6e7 29. Re2 Rd8 30. Qe1 Qd6 31. Qf2 f4 32. g4 Rf8 33. h4 e4 34. h5
e3 35. Qf1 Ne5 36. Bxe5 Qxe5 37. Qe1 Rd8 38. Qa5 Qc7 39. Qa3 Red7 40. Rb2 Qe5
41. Kf1 Bc6 42. Ke2 Ra8 0-1

[Event "Groningen Chess Festival 2007"]
[Site "Groningen NED"]
[Date "2007.12.28"]
[Round "7.15"]
[White "Jellema, Yme Jan"]
[Black "Michielsen, Joost"]
[Result "0-1"]
[PlyCount "86"]
[EventDate "2007.12.21"]
[EventType "swiss"]
[EventRounds "9"]
[EventCountry "NED"]
[Source "lmi"]
[SourceDate "2007.12.21"]
[WhiteElo "2119"]
[BlackElo "2309"]

1. e4 c5 2. c3 e6 3. d4 d5 4. exd5 exd5 5. Bb5+ Nc6 6. Qe2+ Be7 7. dxc5 Nf6 8.
Be3 O-O 9. Nf3 Ne4 10. Nbd2 Nxc5 11. O-O Bg4 12. Rfd1 Re8 13. Qf1 Bd6 14. Be2
Qf6 15. Nb3 Nxb3 16. axb3 Rac8 17. Rxd5 Ne7 18. Rg5 Bxf3 19. Bxf3 Nf5 20. Bd2
Rcd8 21. Qc1 Nh4 22. Bxb7 Re2 23. Be3 Rxe3 24. Qxe3 Bf4 25. Rxg7+ Kxg7 26. Qxa7
Qd6 27. Qd4+ Qxd4 28. cxd4 Nf5 29. g3 Bd6 30. Rd1 Be5 31. d5 Rb8 32. Ba6 Rxb3
33. f4 Bd4+ 34. Kh1 Rxb2 35. d6 Rb6 36. d7 Rd6 37. Bc8 Ne3 38. Re1 Nc4 39. Re8
Bb6 40. Re4 Ne3 41. h3 Rd1+ 42. Kh2 Rd2+ 43. Kg1 Nf5+ 0-1

[Event "Groningen Chess Festival 2007"]
[Site "Groningen NED"]
[Date "2007.12.28"]
[Round "7.16"]
[White "Ringoir, Tanguy"]
[Black "Van Ketel, Raoul"]
[Result "1-0"]
[PlyCount "91"]
[EventDate "2007.12.21"]
[EventType "swiss"]
[EventRounds "9"]
[EventCountry "NED"]
[Source "lmi"]
[SourceDate "2007.12.21"]
[WhiteElo "2236"]
[BlackElo "2336"]

1. e4 e6 2. d4 d5 3. Nd2 dxe4 4. Nxe4 Nd7 5. Nf3 Ngf6 6. Nxf6+ Nxf6 7. c3 c5 8.
Be3 Qc7 9. Ne5 a6 10. Qa4+ Nd7 11. Nf3 Be7 12. dxc5 O-O 13. c6 Qxc6 14. Qxc6
bxc6 15. O-O-O c5 16. Be2 Re8 17. Nd2 Bb7 18. f3 Nb6 19. Nb3 Rec8 20. Na5 Nd5
21. Bd2 Bc6 22. f4 Be8 23. f5 e5 24. Bf3 Nb6 25. Bxa8 Rxa8 26. Be3 Rc8 27. g4
f6 28. Rhg1 g5 29. h4 h6 30. hxg5 hxg5 31. b3 Bf7 32. c4 Rc7 33. Rd2 Kf8 34.
Rh1 Bg8 35. Rh6 Kf7 36. Bxg5 Nc8 37. Be3 Nd6 38. Rdh2 Bf8 39. Rg6 Bg7 40. Bh6
Bf8 41. Bxf8 Kxf8 42. Rh8 Rg7 43. Rxf6+ Ke7 44. Rg6 Rxg6 45. fxg6 Kf8 46. Rh5
1-0